[Event "World Rapid Women 2018"]
[Site "St Petersburg RUS"]
[Date "2018.12.26"]
[Round "1.1"]
[White "Nakhbayeva, Guliskhan"]
[Black "Muzychuk, Anna"]
[Result "0-1"]
[WhiteTitle "IM"]
[BlackTitle "GM"]
[WhiteElo "2371"]
[BlackElo "2569"]
[WhiteFideId "13704788"]
[BlackFideId "14111330"]
[EventDate "2018.12.26"]

1. d4 Nf6 2. c4 g6 3. Nc3 d5 4. cxd5 Nxd5 5. e4 Nxc3 6. bxc3 Bg7 7. Qa4+ Qd7 8.
Bb5 c6 9. Be2 O-O 10. Qa3 b6 11. Nf3 Qd6 12. O-O c5 13. Bg5 Nc6 14. d5 Ne5 15.
Nd2 f5 16. f4 Nf7 17. e5 Bxe5 18. Nc4 Qc7 19. Nxe5 Nxg5 20. Nxg6 Nh3+ 21. gxh3
hxg6 22. c4 Bd7 23. Kh1 Qd6 24. Qc3 Kf7 25. h4 Rh8 26. h5 gxh5 27. Rg1 Rag8 28.
Rxg8 Rxg8 29. Bxh5+ Kf8 30. Qe5 Qxe5 31. fxe5 Rh8 32. Bf3 Rh4 33. Rc1 Rd4 34.
Rc2 f4 35. e6 Be8 36. Kg2 Bg6 37. Rc3 Rd2+ 38. Kh3 Bf5+ 39. Kh4 Rd3 40. Rxd3
Bxd3 41. Kg5 Bxc4 42. a3 b5 43. Kxf4 b4 44. axb4 cxb4 45. Ke5 b3 46. d6 Ke8 47.
d7+ Kd8 48. Be4 b2 49. Bb1 a5 50. h4 Be2 51. Kf4 a4 52. Kg5 a3 53. h5 Bd3 54.
Bxd3 a2 55. h6 b1=Q 56. h7 Qc1+ 57. Kg6 a1=Q 0-1

[Event "World Rapid Women 2018"]
[Site "St Petersburg RUS"]
[Date "2018.12.26"]
[Round "1.3"]
[White "Shvayger, Yuliya"]
[Black "Lei, Tingjie"]
[Result "1-0"]
[WhiteTitle "IM"]
[BlackTitle "GM"]
[WhiteElo "2393"]
[BlackElo "2453"]
[WhiteFideId "14100126"]
[BlackFideId "8605114"]
[EventDate "2018.12.26"]

1. e4 e5 2. Nf3 Nc6 3. Nc3 Nf6 4. Bb5 Nd4 5. Bc4 Bc5 6. d3 O-O 7. Nxe5 Qe7 8.
Nf3 d5 9. Nxd5 Nxd5 10. Bxd5 c6 11. Bb3 Bg4 12. Be3 Bxf3 13. gxf3 Qf6 14. f4
Nxb3 15. axb3 Bxe3 16. fxe3 Qxb2 17. O-O f5 18. e5 Qc3 19. Rf2 Rae8 20. Kh1 Re6
21. Rg2 a6 22. Ra4 Qc5 23. Qd2 Rd8 24. c4 Qe7 25. d4 Qd7 26. Ra1 b5 27. Rxa6
bxc4 28. bxc4 Qb7 29. Ra1 Qb3 30. Rc1 Re7 31. Qc3 Qb7 32. Rb2 Qd7 33. Rcb1 Qe8
34. Qd3 Qh5 35. Qe2 Qh3 36. Rb3 Ra7 37. Qg2 Qh6 38. d5 cxd5 39. cxd5 Qa6 40. d6
Qc4 41. Rb4 Qd3 42. R4b3 Qc4 43. Rb8 Rxb8 44. Rxb8+ Kf7 45. Rb1 Ra2 46. Rb7+ Ke8
47. d7+ Ke7 48. Qxg7+ Ke6 49. Qg8+ 1-0

[Event "World Rapid Women 2018"]
[Site "St Petersburg RUS"]
[Date "2018.12.26"]
[Round "1.4"]
[White "Kosteniuk, Alexandra"]
[Black "Khomeriki, Nino"]
[Result "1-0"]
[WhiteTitle "GM"]
[BlackTitle "WIM"]
[WhiteElo "2537"]
[BlackElo "2347"]
[WhiteFideId "4128125"]
[BlackFideId "13603191"]
[EventDate "2018.12.26"]

1. e4 e5 2. Nf3 Nc6 3. Bc4 Nf6 4. d3 Be7 5. O-O O-O 6. Re1 d6 7. a4 Kh8 8. h3 h6
9. Nc3 Nh7 10. Nd5 f5 11. a5 a6 12. c3 Bf6 13. exf5 Bxf5 14. Nd2 Ne7 15. Nxf6
Nxf6 16. Nf1 Qd7 17. Ng3 Bg6 18. f4 Rad8 19. fxe5 dxe5 20. Rxe5 Nc6 21. Re3 Nd5
22. Re1 Rde8 23. Bd2 Ne5 24. Qa4 b5 25. axb6 Qxa4 26. Rxa4 Nxb6 27. Rxa6 Bxd3
28. Bxd3 Nxd3 29. Rxe8 Rxe8 30. b3 Nc5 31. Ra3 Kh7 32. c4 Nd3 33. Ra7 Nc5 34.
Rxc7 Nxb3 35. Bc3 Kg8 36. Rxg7+ Kf8 37. Rb7 Re6 38. c5 Nxc5 39. Bb4 Na4 40. Nf5
Kg8 41. Rg7+ Kh8 42. Ra7 h5 43. Kh2 Ra6 44. Rc7 Ne6 45. Rc4 Kh7 46. Kg3 Nb2 47.
Re4 Nd3 48. Bc3 Ndc5 49. Rc4 Ra4 50. Rxa4 Nxa4 51. Bd2 Nac5 52. Kh4 Ne4 53. Bc1
Kg6 54. Ne7+ Kf7 55. Nd5 Kg6 56. g3 Nd6 57. Ne7+ Kf7 58. Nc6 Nf5+ 59. Kxh5 Nxg3+
60. Kg4 Ne4 61. Ne5+ Kg7 62. Kf5 Nf2 63. Kxe6 Nxh3 64. Be3 Kf8 65. Kf5 Ke7 66.
Kg4 Ke6 67. Nf3 Kd5 68. Nd2 Ke5 69. Kxh3 Kf5 70. Kg3 Ke5 71. Kf3 Kf5 72. Bf4 Ke6
73. Ke4 Kf6 74. Nc4 Ke6 75. Be5 Kd7 76. Kd5 Kc8 77. Kd6 Kb7 78. Bf4 Ka8 79. Kc6
Ka7 80. Nb6 Ka6 81. Bb8 Ka5 82. Nd5 Ka4 83. Kc5 Kb3 84. Nb4 Kc3 85. Bf4 Kb3 86.
Be5 Ka4 87. Kc4 Ka5 88. Bc7+ Ka4 89. Nd3 Ka3 90. Bd8 Ka2 91. Kc3 Kb1 92. Kb3 Ka1
93. Nb2 Kb1 94. Bg5 Ka1 95. Nc4 1-0

[Event "World Rapid Women 2018"]
[Site "St Petersburg RUS"]
[Date "2018.12.26"]
[Round "1.5"]
[White "Maltsevskaya, Aleksandra"]
[Black "Lagno, Kateryna"]
[Result "0-1"]
[WhiteTitle "WGM"]
[BlackTitle "GM"]
[WhiteElo "2243"]
[BlackElo "2560"]
[WhiteFideId "24174041"]
[BlackFideId "14109336"]
[EventDate "2018.12.26"]

1. e4 e5 2. Nf3 Nc6 3. Bb5 g6 4. c3 a6 5. Ba4 Bg7 6. d4 exd4 7. cxd4 b5 8. Bb3
Na5 9. Bd5 c6 10. Bb3 Ne7 11. O-O O-O 12. Nc3 d6 13. h3 Nxb3 14. Qxb3 c5 15.
dxc5 dxc5 16. Be3 c4 17. Qa3 Qc7 18. Nxb5 axb5 19. Qxa8 Bxb2 20. Rab1 c3 21. Nd4
Bb7 22. Qa7 Ra8 23. Nxb5 Rxa7 24. Nxc7 Rxa2 25. Bd4 Bxe4 26. Rbe1 f5 27. f3 Nc6
28. Be3 Bd3 29. Rf2 c2 30. Ne6 Nb4 31. Nc5 f4 32. Bd2 Bd4 33. Nxd3 Nxd3 0-1

[Event "World Rapid Women 2018"]
[Site "St Petersburg RUS"]
[Date "2018.12.26"]
[Round "1.6"]
[White "Dzagnidze, Nana"]
[Black "Badelka, Olga"]
[Result "1-0"]
[WhiteTitle "GM"]
[BlackTitle "WIM"]
[WhiteElo "2513"]
[BlackElo "2385"]
[WhiteFideId "13601903"]
[BlackFideId "13509926"]
[EventDate "2018.12.26"]

1. c4 c5 2. Nf3 d6 3. g3 g6 4. Bg2 Bg7 5. d4 cxd4 6. Nxd4 Nf6 7. Nc3 a6 8. O-O
Nbd7 9. b3 O-O 10. Bb2 Ne5 11. Qd2 Rb8 12. h3 Bd7 13. Kh2 Nc6 14. Nc2 b5 15. Ne3
Qa5 16. Rfd1 bxc4 17. Nxc4 Qh5 18. Ne3 Bh6 19. f4 Bg7 20. Ncd5 Nxd5 21. Nxd5 e5
22. e3 g5 23. Rac1 gxf4 24. gxf4 Kh8 25. Qf2 Qh6 26. f5 Bf6 27. Nxf6 Qxf6 28.
Bxc6 Rbd8 29. Bxd7 Rxd7 30. Rd5 Rg8 31. Bxe5 1-0

[Event "World Rapid Women 2018"]
[Site "St Petersburg RUS"]
[Date "2018.12.26"]
[Round "1.7"]
[White "Arutyunova, Diana"]
[Black "Paehtz, Elisabeth"]
[Result "0-1"]
[WhiteTitle "WGM"]
[BlackTitle "IM"]
[WhiteElo "2227"]
[BlackElo "2487"]
[WhiteFideId "14107244"]
[BlackFideId "4641833"]
[EventDate "2018.12.26"]

1. e4 c5 2. Nf3 d6 3. d4 cxd4 4. Nxd4 Nf6 5. Nc3 a6 6. Be2 e5 7. Nb3 Be7 8. a4
O-O 9. O-O b6 10. a5 b5 11. Nd5 Nxd5 12. Qxd5 Ra7 13. Be3 Be6 14. Qd2 Rd7 15.
Bb6 Qc8 16. Rfd1 Qb7 17. Bf3 Nc6 18. Nc1 Bd8 19. Bxd8 Rfxd8 20. Ne2 Qc7 21. g3
Rc8 22. Bg2 Rdd8 23. f4 Qa7+ 24. Kh1 Bg4 25. c3 Qf2 26. Ng1 Qa7 27. Rf1 f6 28.
Ra3 Be6 29. Qf2 Qxf2 30. Rxf2 b4 31. cxb4 Nxb4 32. Rc3 Kf8 33. Rd2 Ke7 34. Bf1
exf4 35. gxf4 d5 36. Rxc8 Rxc8 37. exd5 Bxd5+ 38. Bg2 Rc5 39. Ne2 Rxa5 40. Rd1
Bxg2+ 41. Kxg2 Nd5 42. Kf3 Kf7 43. Nd4 Ne7 44. b3 Rd5 45. Ke4 f5+ 46. Ke3 Nc6
47. Rd2 Nxd4 48. Rxd4 Rxd4 49. Kxd4 Ke6 50. h4 Kd6 51. Kc4 g6 52. Kd4 h6 53. Kc4
Ke6 54. Kc5 Kf6 55. b4 g5 56. fxg5+ hxg5 57. hxg5+ Kxg5 58. Kb6 f4 59. Kxa6 f3
60. b5 f2 61. b6 f1=Q+ 62. Ka7 Qa1+ 63. Kb8 Qe5+ 64. Ka8 Qa5+ 65. Kb7 Kf6 66.
Kc6 Ke5 0-1

[Event "World Rapid Women 2018"]
[Site "St Petersburg RUS"]
[Date "2018.12.26"]
[Round "1.8"]
[White "Muzychuk, Mariya"]
[Black "Maletina, Tatiana"]
[Result "1-0"]
[WhiteTitle "GM"]
[BlackTitle "WIM"]
[WhiteElo "2540"]
[BlackElo "2270"]
[WhiteFideId "14114550"]
[BlackFideId "24145084"]
[EventDate "2018.12.26"]

1. d4 e6 2. c4 b6 3. Nc3 Bb7 4. a3 f5 5. Nf3 Nf6 6. g3 Ne4 7. Bg2 Be7 8. O-O O-O
9. Qc2 Nxc3 10. Qxc3 Be4 11. b4 d6 12. Bb2 Nd7 13. Qd2 Bf6 14. Ne1 Bxg2 15. Nxg2
Qe7 16. Rfe1 e5 17. dxe5 Bxe5 18. Nf4 Bxb2 19. Qxb2 Qe5 20. Qxe5 Nxe5 21. Rac1
a5 22. c5 axb4 23. cxb6 cxb6 24. axb4 b5 25. Red1 Nc4 26. Rd5 Rfb8 27. Rxf5 Ne5
28. Nd5 Ra2 29. Kf1 Nc4 30. Ne7+ Kh8 31. Nc6 Re8 32. Rxb5 Nd2+ 33. Kg2 Nb3 34.
Rc3 Nd2 35. Re3 Rf8 36. Rb7 h6 37. Ree7 Rg8 38. Nd4 Nc4 39. Nf5 Ne5 40. Nxh6
Rxe2 41. Nxg8 Kxg8 42. Rxg7+ Kf8 43. Rgc7 1-0

[Event "World Rapid Women 2018"]
[Site "St Petersburg RUS"]
[Date "2018.12.26"]
[Round "1.9"]
[White "Drozdova, Dina"]
[Black "Harika, Dronavalli"]
[Result "1/2-1/2"]
[WhiteTitle "WIM"]
[BlackTitle "GM"]
[WhiteElo "2178"]
[BlackElo "2494"]
[WhiteFideId "4170695"]
[BlackFideId "5015197"]
[EventDate "2018.12.26"]

1. d4 d5 2. c4 e6 3. Nc3 c6 4. cxd5 exd5 5. Nf3 Nf6 6. Bg5 Be7 7. e3 Nbd7 8. Bd3
Ne4 9. Bxe4 Bxg5 10. Bd3 Be7 11. Qc2 Nf6 12. h3 h6 13. Rb1 O-O 14. O-O Be6 15.
Na4 Ne4 16. b4 b5 17. Nc5 Nxc5 18. bxc5 a5 19. Ne5 Qc7 20. f4 Bf6 21. Rf3 Rae8
22. Rbf1 Bc8 23. Kh1 Bd7 24. g4 Qd8 25. Qg2 a4 26. Bb1 Qe7 27. Qc2 g6 28. Qd2
Qd8 29. Bd3 Qc7 30. Qc2 Bc8 31. Qg2 Bd7 32. Qc2 Bc8 33. Qg2 Bd7 34. Qc2 1/2-1/2

[Event "World Rapid Women 2018"]
[Site "St Petersburg RUS"]
[Date "2018.12.26"]
[Round "1.10"]
[White "Koneru, Humpy"]
[Black "Sukhareva, Evgeniya"]
[Result "1-0"]
[WhiteTitle "GM"]
[WhiteElo "2541"]
[BlackElo "2126"]
[WhiteFideId "5008123"]
[BlackFideId "4167155"]
[EventDate "2018.12.26"]

1. d4 Nf6 2. c4 e6 3. Nc3 c5 4. d5 exd5 5. cxd5 d6 6. Nf3 g6 7. Bf4 a6 8. a4 Bg7
9. e3 O-O 10. Be2 Qe7 11. Nd2 Nbd7 12. O-O Rb8 13. Re1 Ne8 14. e4 Nc7 15. Nc4
Ne5 16. Nb6 Na8 17. Nxa8 Rxa8 18. Qd2 Re8 19. h3 Rb8 20. Bg5 f6 21. Be3 Bd7 22.
a5 Bc8 23. Na4 Nd7 24. Bf4 Ne5 25. Nb6 Nd7 26. Nc4 Ne5 27. Bxe5 fxe5 28. b4 cxb4
29. Qxb4 Bf8 30. Rac1 Qd8 31. Qb6 Qe7 32. Qb4 Qg5 33. Rc3 Qf6 34. Rec1 Bh6 35.
R1c2 Rd8 36. Nb6 Qf8 37. Rc7 Bg5 38. Qa3 Re8 39. Qg3 Bf6 40. Bg4 Bxg4 41. Qxg4
Bd8 42. Rd7 Bxb6 43. axb6 Re7 44. Rcc7 Rxd7 45. Qxd7 Qh6 46. Qe6+ Kh8 47. Qxd6
Rf8 48. Qxe5+ Kg8 49. Qe6+ Kh8 50. Rc8 Qg7 51. d6 h5 52. d7 1-0

[Event "World Rapid Women 2018"]
[Site "St Petersburg RUS"]
[Date "2018.12.26"]
[Round "1.11"]
[White "Molchanova, Tatjana"]
[Black "Goryachkina, Aleksandra"]
[Result "0-1"]
[WhiteTitle "WGM"]
[BlackTitle "GM"]
[WhiteElo "2245"]
[BlackElo "2518"]
[WhiteFideId "4132203"]
[BlackFideId "4147103"]
[EventDate "2018.12.26"]

1. e4 c6 2. d4 d5 3. exd5 cxd5 4. Bd3 Nc6 5. c3 Nf6 6. Bf4 Bg4 7. Nf3 e6 8. Nbd2
Bd6 9. Bxd6 Qxd6 10. O-O O-O 11. Qe1 Bxf3 12. Nxf3 Nd7 13. Bb5 a6 14. Bxc6 bxc6
15. Qe3 c5 16. dxc5 Qxc5 17. Nd4 Rab8 18. b4 Qc7 19. f4 Nf6 20. Rf3 Rbc8 21. a4
Ne4 22. Ra3 Qd6 23. Rb3 Rc4 24. a5 Rfc8 25. Ne2 Qc6 26. Ra3 Nd6 27. Qb6 Nb5 28.
Qxc6 R8xc6 29. Rb3 g6 30. Kf2 Kf8 31. Rd3 Rc8 32. Ke3 h5 33. Nd4 Nxc3 34. b5
Nxb5 35. Nxb5 axb5 36. Rxb5 Ra4 37. Rdb3 Rc2 38. Rb8+ Kg7 39. Ra8 Rca2 40. Rb5
R2a3+ 41. Ke2 Re4+ 42. Kd2 Rxf4 43. Rb2 Rf2+ 0-1

[Event "World Rapid Women 2018"]
[Site "St Petersburg RUS"]
[Date "2018.12.26"]
[Round "1.12"]
[White "Ushenina, Anna"]
[Black "Belenkaya, Dina"]
[Result "0-1"]
[WhiteTitle "GM"]
[BlackTitle "WGM"]
[WhiteElo "2440"]
[BlackElo "2338"]
[WhiteFideId "14110911"]
[BlackFideId "24142654"]
[EventDate "2018.12.26"]

1. d4 d5 2. c4 dxc4 3. e3 Nf6 4. Bxc4 e6 5. Nf3 a6 6. O-O c5 7. b3 cxd4 8. Nxd4
Bd7 9. Bb2 Nc6 10. Nd2 Nxd4 11. Bxd4 Rc8 12. Be2 Bc5 13. Nc4 O-O 14. Bxc5 Rxc5
15. Bf3 Rc7 16. Ne5 Bb5 17. Qxd8 Rxd8 18. Rfd1 Rdc8 19. a4 Be8 20. Nc4 Bc6 21.
Bxc6 bxc6 22. Rac1 Kf8 23. f3 Rb8 24. Na5 Nd5 25. e4 Nb4 26. Rc4 c5 27. Kf2 Ke7
28. Ke3 Rd8 29. Rxd8 Kxd8 30. Rc1 Ke7 31. g3 f6 32. h4 f5 33. g4 fxg4 34. fxg4
h6 35. g5 hxg5 36. hxg5 Kf7 37. Nc4 Kg6 38. Rg1 Nc6 39. Kf4 Rf7+ 40. Kg4 Rb7 41.
Rg3 Rf7 42. Rd3 Rf1 43. Rd6 Rg1+ 44. Kf4 Rf1+ 45. Ke3 Nd4 46. Rxa6 Rf3+ 47. Kd2
Rxb3 48. a5 Kxg5 49. Ra7 g6 50. a6 Rb4 51. Kd3 Rb3+ 52. Kd2 Rb4 53. Kd3 Rb3+ 54.
Kd2 Rb4 55. Ne5 Ra4 56. Nd7 c4 57. Nb6 Ra2+ 58. Ke3 Nb5 59. Re7 Kf6 60. Rb7 Ra3+
61. Kf4 g5+ 62. Kg4 Nd6 63. Rd7 Nxe4 64. a7 Nf2+ 65. Kh5 Rh3# 0-1

[Event "World Rapid Women 2018"]
[Site "St Petersburg RUS"]
[Date "2018.12.26"]
[Round "1.13"]
[White "Vasilevich, Irina"]
[Black "Danielian, Elina"]
[Result "0-1"]
[WhiteTitle "IM"]
[BlackTitle "GM"]
[WhiteElo "2258"]
[BlackElo "2427"]
[WhiteFideId "4141296"]
[BlackFideId "13300210"]
[EventDate "2018.12.26"]

1. c4 c5 2. Nc3 g6 3. g3 Bg7 4. Bg2 e6 5. e4 Ne7 6. Nge2 Nbc6 7. d3 O-O 8. Be3
Nd4 9. O-O d6 10. Qd2 a6 11. Bh6 Nec6 12. h4 Rb8 13. h5 b5 14. cxb5 axb5 15.
Bxg7 Kxg7 16. Nxd4 Nxd4 17. f4 gxh5 18. Ne2 Qf6 19. Rae1 Bb7 20. e5 Qg6 21. Nxd4
cxd4 22. Bxb7 Rxb7 23. Kf2 dxe5 24. Rxe5 h6 25. Rc1 Kh7 26. Re4 Rg8 27. Rg1 h4
28. Rxd4 hxg3+ 29. Kg2 Rc7 30. Re4 Rgc8 31. Re2 Qh5 32. Rh1 Qd5+ 33. Kg1 Rc1+
34. Re1 Qc5+ 35. Kg2 Rc2 0-1

[Event "World Rapid Women 2018"]
[Site "St Petersburg RUS"]
[Date "2018.12.26"]
[Round "1.14"]
[White "Stefanova, Antoaneta"]
[Black "Sudakova, Irina"]
[Result "1-0"]
[WhiteTitle "GM"]
[BlackTitle "WGM"]
[WhiteElo "2486"]
[BlackElo "2313"]
[WhiteFideId "2902257"]
[BlackFideId "4129903"]
[EventDate "2018.12.26"]

1. d4 d5 2. Bf4 Nf6 3. e3 c6 4. c4 e6 5. Nc3 Bd6 6. Bg3 O-O 7. c5 Bxg3 8. hxg3
e5 9. dxe5 Ng4 10. Rh4 f5 11. exf6 Qxf6 12. Nf3 Na6 13. Qd4 Qxd4 14. exd4 Nb4
15. Rc1 Re8+ 16. Kd2 Nxf2 17. a3 a5 18. axb4 axb4 19. Nd1 Ne4+ 20. Kc2 g5 21.
Rh2 g4 22. Ne5 Nxc5 23. dxc5 Rxe5 24. Bd3 h5 25. Kd2 Ra2 26. Bb1 Ra5 27. Ne3 Kg7
28. Rhh1 Be6 29. Rhe1 d4 30. Nc4 Rxe1 31. Nxa5 Re3 32. Nxb7 Bd5 33. Nd6 Rxg3 34.
Nf5+ 1-0

[Event "World Rapid Women 2018"]
[Site "St Petersburg RUS"]
[Date "2018.12.26"]
[Round "1.15"]
[White "Styazhkina, Anna"]
[Black "Abdumalik, Zhansaya"]
[Result "0-1"]
[WhiteTitle "WIM"]
[BlackTitle "IM"]
[WhiteElo "2274"]
[BlackElo "2470"]
[WhiteFideId "24119300"]
[BlackFideId "13703544"]
[EventDate "2018.12.26"]

1. e4 c5 2. Nf3 e6 3. d4 cxd4 4. Nxd4 a6 5. Bd3 g6 6. O-O Bg7 7. Nb3 Ne7 8. c4
O-O 9. Nc3 Nbc6 10. Qe2 f5 11. Rd1 Qc7 12. f4 fxe4 13. Bxe4 Nf5 14. Bxf5 Rxf5
15. Be3 Rf7 16. c5 Ne7 17. Nd4 Rb8 18. Rac1 Bh6 19. g3 Bg7 20. Bf2 e5 21. fxe5
Qxe5 22. Qxe5 Bxe5 23. Ne4 Nc6 24. b3 Re7 25. Ng5 h6 26. Ngf3 Bf6 27. Re1 Kf7
28. Rxe7+ Bxe7 29. Be3 g5 30. Nf5 Bf8 31. g4 d5 32. cxd6 Bxf5 33. gxf5 Bxd6 34.
Rd1 Rd8 35. Bb6 Bxh2+ 36. Kxh2 Rxd1 37. Kg3 Ne7 38. Ne5+ Kg7 39. Kg4 Nd5 40. Bc5
Nf6+ 41. Kh3 Rd5 0-1

[Event "World Rapid Women 2018"]
[Site "St Petersburg RUS"]
[Date "2018.12.26"]
[Round "1.16"]
[White "Tan, Zhongyi"]
[Black "Aseeva, Marina"]
[Result "1-0"]
[WhiteTitle "GM"]
[WhiteElo "2508"]
[BlackElo "2173"]
[WhiteFideId "8603642"]
[BlackFideId "4110544"]
[EventDate "2018.12.26"]

1. d4 d5 2. c4 c6 3. Nf3 Nf6 4. Nc3 e6 5. Bg5 dxc4 6. e4 b5 7. e5 h6 8. Bh4 g5
9. Nxg5 hxg5 10. Bxg5 Be7 11. exf6 Bxf6 12. Bxf6 Qxf6 13. g3 Bb7 14. Bg2 Qe7 15.
O-O Na6 16. a4 b4 17. Ne2 O-O-O 18. Qc2 Nc7 19. Qxc4 Nd5 20. Rac1 Kb8 21. a5 a6
22. Qc5 Qf6 23. Rc4 Qh6 24. h3 f5 25. Rxb4 Nxb4 26. Qxb4 Qf8 27. Qb3 Qd6 28. Rc1
Rc8 29. Nf4 Rhe8 30. Nd3 Ka8 31. Nc5 Re7 32. Qc4 Ka7 33. Qb4 Qd8 34. Rc3 Rb8 35.
Nxb7 Rbxb7 36. Qc5+ Kb8 37. Qxc6 Qd7 38. Qxa6 e5 39. Bxb7 Qxb7 40. Qxb7+ Rxb7
41. dxe5 1-0

[Event "World Rapid Women 2018"]
[Site "St Petersburg RUS"]
[Date "2018.12.26"]
[Round "1.17"]
[White "Geller, Anastasiya"]
[Black "Bodnaruk, Anastasia"]
[Result "1/2-1/2"]
[WhiteTitle "WFM"]
[BlackTitle "IM"]
[WhiteElo "2187"]
[BlackElo "2420"]
[WhiteFideId "24119059"]
[BlackFideId "4181751"]
[EventDate "2018.12.26"]

1. Nf3 Nf6 2. g3 g6 3. b3 Bg7 4. Bb2 d6 5. d4 b6 6. Bg2 Bb7 7. O-O O-O 8. c4 c5
9. e3 cxd4 10. Nxd4 Bxg2 11. Kxg2 d5 12. Na3 Qd7 13. Nf3 Qb7 14. cxd5 Rd8 15.
Qe2 Nxd5 16. Bxg7 Kxg7 17. Rfd1 Nc6 18. Qb2+ Nf6 19. Nc4 Kg8 20. Rac1 Rac8 21.
Kg1 Nb4 22. Nce5 Rxc1 23. Rxc1 Nd3 24. Nxd3 Qxf3 25. Ne5 Qd5 26. Nc6 Rd7 27.
Nxe7+ Rxe7 28. Qxf6 Re8 29. h4 Qd7 30. Rc4 Re6 31. Qc3 Re8 32. Rc7 Qd1+ 33. Kg2
Qd5+ 34. Kg1 Qd1+ 35. Kg2 Qd5+ 36. Kg1 1/2-1/2

[Event "World Rapid Women 2018"]
[Site "St Petersburg RUS"]
[Date "2018.12.26"]
[Round "1.18"]
[White "Arabidze, Meri"]
[Black "Afonasieva, Anna"]
[Result "1-0"]
[WhiteTitle "IM"]
[BlackTitle "WFM"]
[WhiteElo "2387"]
[BlackElo "2207"]
[WhiteFideId "13604040"]
[BlackFideId "24173606"]
[EventDate "2018.12.26"]

1. d4 d5 2. c4 c6 3. Nf3 Nf6 4. Nbd2 g6 5. e3 Bg7 6. b3 O-O 7. Bb2 c5 8. Be2
cxd4 9. Nxd4 Nc6 10. Nxc6 bxc6 11. O-O Bb7 12. Nf3 Rc8 13. Qc2 e6 14. Rfd1 Qe7
15. h3 Rfd8 16. Rac1 c5 17. Ne5 Ne4 18. Nf3 Bh6 19. Qb1 d4 20. exd4 Bxc1 21.
Qxc1 f6 22. Re1 cxd4 23. Nxd4 e5 24. Ba3 Qd7 25. Nf3 Qc6 26. Qe3 Qb6 27. Bb2
Qxe3 28. fxe3 Nd2 29. Bc3 Ne4 30. Bb4 Rd7 31. Rc1 Ng3 32. Kf2 Ne4+ 33. Ke1 Bc6
34. Ba5 Nd6 35. Kf2 Nb7 36. Bc3 a5 37. a3 Bxf3 38. gxf3 Nc5 39. b4 axb4 40. axb4
Na4 41. Be1 Rb7 42. c5 Rbc7 43. Ba6 Ra8 44. Bb5 Nb6 45. Rd1 Nc8 46. Bc4+ Kf8 47.
b5 Ra4 48. b6 Nxb6 49. cxb6 Rcxc4 50. b7 Ra2+ 51. Kg3 Rb2 52. Rd8+ Kg7 53. b8=Q
Rxb8 54. Rxb8 e4 55. Rb7+ Kh6 56. f4 Rc1 57. Bb4 g5 58. f5 1-0

[Event "World Rapid Women 2018"]
[Site "St Petersburg RUS"]
[Date "2018.12.26"]
[Round "1.19"]
[White "Sviridova, Vlada"]
[Black "Atalik, Ekaterina"]
[Result "1-0"]
[WhiteTitle "WFM"]
[BlackTitle "IM"]
[WhiteElo "2144"]
[BlackElo "2447"]
[WhiteFideId "24109606"]
[BlackFideId "4130189"]
[EventDate "2018.12.26"]

1. d4 Nf6 2. c4 g6 3. Nc3 d5 4. cxd5 Nxd5 5. e4 Nxc3 6. bxc3 Bg7 7. Bc4 c5 8.
Ne2 O-O 9. O-O Nc6 10. Be3 Bd7 11. Rb1 Rc8 12. Bd3 cxd4 13. cxd4 Na5 14. d5 Nc4
15. Bxa7 Qa5 16. Rxb7 Ba4 17. Qe1 Qa6 18. Qb4 Be5 19. Rc1 Bd6 20. Bxc4 Rxc4 21.
Qxc4 Qxb7 22. Qxa4 Ra8 23. Nd4 Rxa7 24. Qe8+ Kg7 25. Qb5 Qa8 26. Nc6 Rxa2 27. e5
Ra1 28. Qf1 Rxc1 29. Qxc1 Bc5 30. g3 Qa3 31. Qxa3 Bxa3 32. f4 h5 33. Kf2 Bc5+
34. Kf3 Kf8 35. h3 Ke8 36. g4 hxg4+ 37. hxg4 Kd7 38. Na5 Bb4 39. Nb3 Bc3 40.
Nc5+ Kc7 41. Ke4 Bd2 42. Nb3 Bb4 43. Nd4 Kd7 44. Nf3 Bc3 45. f5 gxf5+ 46. gxf5
f6 47. e6+ Kd6 48. Ng1 Bb4 49. Ne2 Ba3 50. Nc3 Bb4 51. Nb5+ Kc5 52. Nd4 Kd6 53.
Nc6 Bc5 54. Nd8 Ba3 55. Nf7+ Kc7 56. Kd4 Bb4 57. Ke4 Ba3 58. Kf4 Bb4 59. Kg4 Ba3
60. Kh5 Bb4 61. Kg6 Ba3 62. Kg7 Bb4 63. Kf8 Ba3 64. Kg7 Bb2 65. d6+ exd6 66. e7
Kd7 67. Kf8 1-0

[Event "World Rapid Women 2018"]
[Site "St Petersburg RUS"]
[Date "2018.12.26"]
[Round "1.20"]
[White "Khotenashvili, Bela"]
[Black "Strutinskaia, Galina"]
[Result "1-0"]
[WhiteTitle "GM"]
[BlackTitle "WGM"]
[WhiteElo "2479"]
[BlackElo "2201"]
[WhiteFideId "13602640"]
[BlackFideId "4108558"]
[EventDate "2018.12.26"]

1. d4 e6 2. Nf3 c5 3. e3 d5 4. b3 Nf6 5. Bd3 Nc6 6. O-O a6 7. Bb2 cxd4 8. exd4
Be7 9. a3 b5 10. Nbd2 O-O 11. Re1 Nd7 12. c4 bxc4 13. bxc4 Rb8 14. Qc2 Nf6 15.
c5 h6 16. Bc3 Nd7 17. Nf1 Re8 18. Ne3 Qc7 19. Qa4 Bf6 20. Nxd5 exd5 21. Rxe8+
Nf8 22. h3 Bd7 23. Rxb8 Nxb8 24. Qa5 Qc8 25. Rb1 Ne6 26. Qb6 Nc6 27. Bxa6 Qe8
28. Re1 Qa8 29. Qb7 Qd8 30. Bb5 Nxc5 31. dxc5 Bxc3 32. Rc1 Bb2 33. Bxc6 Bxc1 34.
Bxd7 1-0

[Event "World Rapid Women 2018"]
[Site "St Petersburg RUS"]
[Date "2018.12.26"]
[Round "1.21"]
[White "Solozhenkina, Elizaveta"]
[Black "Zhao, Xue"]
[Result "1/2-1/2"]
[WhiteTitle "WIM"]
[BlackTitle "GM"]
[WhiteElo "2258"]
[BlackElo "2485"]
[WhiteFideId "34106615"]
[BlackFideId "8601283"]
[EventDate "2018.12.26"]

1. e4 c5 2. Nf3 Nc6 3. Bb5 g6 4. Bxc6 dxc6 5. d3 Bg7 6. h3 Nf6 7. Nc3 Nd7 8. Be3
e5 9. Qd2 Qe7 10. Bh6 Bxh6 11. Qxh6 f6 12. Nh4 Nf8 13. O-O Be6 14. f4 exf4 15.
Rxf4 O-O-O 16. Rf2 Nd7 17. Qe3 Rhe8 18. a3 Bg8 19. Qg3 Ne5 20. Raf1 c4 21. d4
Rxd4 22. Qe3 Rd6 23. Qxa7 Nd7 24. Qa8+ Kc7 25. Qa5+ Kb8 26. Nf3 Qd8 27. Qb4 Qc7
28. a4 c5 29. Qa3 Qa5 30. Nb5 Rc6 31. Qe3 Qxa4 32. Qf4+ Ne5 33. Nc3 Qa5 34. Nxe5
fxe5 35. Qh6 Qd8 36. Rf8 Rc8 37. R8f6 Qe7 38. Nb5 Be6 39. Qd2 Rc6 40. Qc3 Bd5
41. Qa5 Rxf6 42. Rxf6 Qxf6 43. Qa7+ Kc8 44. exd5 Qa6 45. Qxc5+ Kb8 46. Qc7+ Ka8
47. Qc5 Kb8 48. Qc7+ Ka8 49. Qc5 Kb8 50. Qc7+ Ka8 51. Qc5 Kb8 52. Qc7+ 1/2-1/2